Understanding Anxiety (Record no. 4503)

MARC details
000 -LEADER
fixed length control field 00356nam a22001577a 4500
005 - DATE AND TIME OF LATEST TRANSACTION
control field 20260408102938.0
008 - FIXED-LENGTH DATA ELEMENTS--GENERAL INFORMATION
fixed length control field 160628b xxu||||| |||| 00| 0 eng d
020 ## - INTERNATIONAL STANDARD BOOK NUMBER
ISBN 1-898938-26-1
041 ## - LANGUAGE CODE
Language code of text/sound track or separate title eng
082 ## - DEWEY DECIMAL CLASSIFICATION NUMBER
Classification number 616.8522
100 ## - MAIN ENTRY--AUTHOR NAME
Personal name Browning, Lyndon
245 ## - TITLE STATEMENT
Title Understanding Anxiety
260 ## - PUBLICATION, DISTRIBUTION, ETC. (IMPRINT)
Name of publisher Alfa
Year of publication 1996
300 ## - PHYSICAL DESCRIPTION
Number of Pages 185;P
942 ## - ADDED ENTRY ELEMENTS (KOHA)
Koha item type Books
Holdings
Lost status Damaged status Collection code Home library Current library Shelving location Date acquired Full call number Accession Number Koha item type
    LIFE SKILL JRU Library JRU Library SHELF-101-D 28/06/2016 616.8522 10619 Books